<?xml version="1.0" encoding="UTF-8"?>
<record
    xmlns:xsi="http://www.w3.org/2001/XMLSchema-instance"
    xsi:schemaLocation="http://www.loc.gov/MARC21/slim http://www.loc.gov/standards/marcxml/schema/MARC21slim.xsd"
    xmlns="http://www.loc.gov/MARC21/slim">

  <leader>01155    a2200217   4500</leader>
  <controlfield tag="001">63981</controlfield>
  <controlfield tag="005">20260521160828.0</controlfield>
  <controlfield tag="008">260521a1982    arg                 spa d</controlfield>
  <controlfield tag="003">AR-UNSa-BCEJYS</controlfield>
  <datafield tag="040" ind1=" " ind2=" ">
    <subfield code="a">AR-UNSa-BCEJYS</subfield>
    <subfield code="b">spa</subfield>
    <subfield code="c">AR-UNSa-BCEJYS</subfield>
  </datafield>
  <datafield tag="080" ind1=" " ind2=" ">
    <subfield code="a">658.012.4</subfield>
    <subfield code="x">Gesti&#xF3;n. Direcci&#xF3;n. Autoridad. T&#xE9;cnicas y m&#xE9;todos de gesti&#xF3;n (gesti&#xF3;n del conocimiento, Outsourcing, Benchmarking...)</subfield>
  </datafield>
  <datafield tag="245" ind1="1" ind2="0">
    <subfield code="a">Diagn&#xF3;stico industrial</subfield>
    <subfield code="p">(An&#xE1;lisis de empresas)</subfield>
  </datafield>
  <datafield tag="020" ind1=" " ind2=" ">
    <subfield code="a">978-968-18-0589-0</subfield>
  </datafield>
  <datafield tag="264" ind1=" " ind2="1">
    <subfield code="a">M&#xE9;xico :</subfield>
    <subfield code="b">Limusa</subfield>
    <subfield code="c">1982</subfield>
  </datafield>
  <datafield tag="300" ind1=" " ind2=" ">
    <subfield code="a">229 p.</subfield>
    <subfield code="c">23 cm.</subfield>
  </datafield>
  <datafield tag="505" ind1=" " ind2=" ">
    <subfield code="a">1. Introducci&#xF3;n - 2. Objetivos de una empresa - 3. estructura de una empresa - 4. Los recursos de una empresa - 5. Utilizaci&#xF3;n de equipos y otras m&#xE1;quinas - 6. Materiales - 7. Personal - 8. Dinero (el conjunto de los recursos) - 9. La organizaci&#xF3;n de ventas - 10. La gama de productos: Estructuras de precios - 11. Distribuci&#xF3;n - 12. Problemas que se presentan cuando hay distintos centros de producci&#xF3;n - 13. Comparaci&#xF3;n de datos inter-empresas(ratios) - 
</subfield>
  </datafield>
  <datafield tag="041" ind1=" " ind2=" ">
    <subfield code="a">spa</subfield>
  </datafield>
  <datafield tag="942" ind1=" " ind2=" ">
    <subfield code="c">BK</subfield>
  </datafield>
  <datafield tag="590" ind1=" " ind2=" ">
    <subfield code="a">niveau_biblio:m niveau_hierar:0</subfield>
  </datafield>
  <datafield tag="100" ind1="1" ind2=" ">
    <subfield code="a">Pennycvick, K.</subfield>
  </datafield>
  <datafield tag="999" ind1=" " ind2=" ">
    <subfield code="c">36459</subfield>
    <subfield code="d">36459</subfield>
  </datafield>
  <datafield tag="952" ind1=" " ind2=" ">
    <subfield code="0">0</subfield>
    <subfield code="1">0</subfield>
    <subfield code="4">0</subfield>
    <subfield code="7">0</subfield>
    <subfield code="a">BCEJYS</subfield>
    <subfield code="b">BCEJYS</subfield>
    <subfield code="c">16</subfield>
    <subfield code="d">2026-05-21</subfield>
    <subfield code="l">0</subfield>
    <subfield code="o">658.012.4 P416</subfield>
    <subfield code="p">L53838</subfield>
    <subfield code="r">2026-05-21 16:08:28</subfield>
    <subfield code="w">2026-05-21</subfield>
    <subfield code="y">L</subfield>
  </datafield>
</record>
